000 00293nam a22001337a 4500
008 260305b ||||| |||| 00| 0 eng d
020 _a9780007268702
041 _aeng
080 _a2.1
100 _a20.1
101 _arevist
245 _aunited States
_cDerrick Murphy
942 _2lcc
_cBK
999 _c60875
_d60875